=LDR 00000nam 2200000 4500 =001 INLIS000000000036558 =990 ##$$a 21101417 =005 20130612142335 =990 ##$$a 0001/BPAP-NTB/20142014 =008 ***********************************Ind** =990 ##$$a 0001/BPAP-NTB/20142015 =035 ##$$0010-061300000036558 =041 ##$$a Ind =082 ##$$a 813 =090 ##$$a 813, Tur s =100 ##$$a Turner, Megan Whalen =245 ##$$a Sang pencuri dari eddis, Megan Whalen Turren ; alih bahasa, Zaky Yamani =260 ##$$a 2011 $b Jakarta =300 ##$$a 350 hlm, 21 cm =650 ##$$a Fiksi Indonesia-terjemahan =850 ##$$a NBPNMAT =990 ##$$a 0001/BPAP-NTB/20142014 =990 ##$$a 0001/BPAP-NTB/20142014 =990 ##$$a 0001/BPAP-NTB/20142015